书目信息 |
| 题名: |
古史音释
|
|
| 作者: | 赵帆声 | |
| 分册: | ||
| 出版信息: | 开封 河南大学出版社 1995 |
|
| 页数: | 606页 | |
| 开本: | 20cm | |
| 丛书名: | ||
| 单 册: | ||
| 中图分类: | H111 | |
| 科图分类: | ||
| 主题词: | 汉语--语音 , 汉语--音韵学 | |
| 电子资源: | ||
| ISBN: | 7-81041-117-9 | |
| 000 | 00518nam0 2200193 450 | |
| 001 | 0728815141 | |
| 005 | 20070819080015.14 | |
| 010 | @a7-81041-117-9@d¥22.00 | |
| 100 | @a20070819d km y0chiy0120 ea | |
| 101 | 0 | @achi |
| 200 | 1 | @a古史音释@Agu shi yin shi@f赵帆声@Fzhao fan sheng |
| 210 | @a开封@c河南大学出版社@d1995 | |
| 215 | @a606页@d20cm | |
| 606 | 0 | @a汉语@x语音 |
| 606 | 0 | @a汉语@x音韵学 |
| 690 | @aH111@v3 | |
| 701 | 0 | @a赵帆声@Azhao fan sheng |
| 801 | 0 | @aCN@bPFT@c20070819 |
| 905 | @a213230@dH111@eZW10@f1 | |
| 古史音释/赵帆声.-开封:河南大学出版社,1995 |
| 606页;20cm |
| ISBN 7-81041-117-9:¥22.00 |
| ● |
| 相关链接 |
|
|
|
|
正题名:古史音释
索取号:H111/ZW10
 
预约/预借
| 序号 | 登录号 | 条形码 | 馆藏地/架位号 | 状态 | 备注 |
| 1 | 7615163 | 276151637 | 密集书库-文学院/ [索取号:H111/ZW10] | 在馆 |